Malaspina en Acapulco /

La llamada expedición Malaspina fue encabezada por el italiano Alejandro Malaspina y el español José Bustamante y Guerra. Empresa al servicio del reinado de Carlos IV de España, en el marco del proyecto ilustrado de contar con información científica sobre las riquezas naturales de las colonias españ...

Olles dieđut

Furkejuvvon:
Bibliográfalaš dieđut
Váldodahkki: González Claverán, Virginia (autor)
Eará dahkkit: Wimer, Javier (introducción) (introducción), Trabulse, Elías (prólogo) (prólogo), Higueras Rodríguez, María Dolores (investigación) (investigación)
Materiálatiipa: Girji
Giella:espánnjágiella
Almmustuhtton: Chilpancingo, México : Gobierno del Estado de Guerrero, 1989, c1989
Fáttát:
Fáddágilkorat: Lasit fáddágilkoriid
Eai fáddágilkorat, Lasit vuosttaš fáddágilkora!

MARC

LEADER 00000nam^a2200000^a^4500
001 000187844
005 20250526000000.0
009 20260310102317.503
020 |a 84-7506-294-6 
037 |a Acervo ITESO - Biblioteca 
041 |a ESP 
082 |a 581. 972733  |b GON 
100 |a González Claverán, Virginia  |e (autor) 
245 1 0 |a Malaspina en Acapulco /  |c V. González Claverán ; introd. de J. Wimer ; pról. de E. Trabulse ; investigación de M.D. Higueras Rodríguez. 
264 4 |a Chilpancingo, México :  |b Gobierno del Estado de Guerrero,  |c 1989, c1989 
300 |a 217 p. ;  |c 34.0 cm. 
336 |a texto  |b txt  |2 rdacontenido 
337 |a sin mediación  |b n  |2 rdamedio 
338 |a volumen  |b nc  |2 rdasoporte 
520 |a La llamada expedición Malaspina fue encabezada por el italiano Alejandro Malaspina y el español José Bustamante y Guerra. Empresa al servicio del reinado de Carlos IV de España, en el marco del proyecto ilustrado de contar con información científica sobre las riquezas naturales de las colonias españolas, se prolongó durante sesenta y dos meses, entre 1789 y 1794. Cruzó en su recorrido las costas de toda América, las islas Filipinas y Marianas, Nueva Zelanda y Australia. 
561 |a Obra autografiada por el autor 
649 |a XX 
650 |a Exploradores y Viajeros Italianos 
650 |a Exploradores y Viajeros Españoles 
650 |a Científicos Italianos 
650 |a Científicos Españoles 
650 |a Ilustración (Filosofía) -  |x Historia y Crítica 
650 |a Viajes Alrededor del Mundo 
650 |a Viajes y Travesías -  |z Acapulco, Guerrero 
650 |a Viajes y Travesías -  |z México 
650 |a Flora -  |z Acapulco, Guerrero 
650 |a Flora -  |z México 
650 |a Fauna Marina -  |z Acapulco, Guerrero 
650 |a Fauna Marina -  |z México 
650 |a Botánica -  |z México 
650 |a Botánica -  |x Historia 
650 |a Zoología -  |z México 
650 |a Zoología -  |x Historia 
650 |a Ciencias Naturales -  |x Historia 
650 |a Historia Natural 
650 |a España -  |x Historia -  |y Siglo XVIII 
650 |a España -  |x Historia -  |y Carlos IV, 1788-1808 
650 |a España -  |x Historia -  |y Borbones, 1700-1931 
650 |a Acapulco, Guerrero -  |x Historia -  |y Siglo XVIII 
650 |a Acapulco, Guerrero -  |x Historia -  |y Epoca Colonial, 1517-1821 
650 |a Acapulco, Guerrero -  |x Descripción 
650 |a México -  |x Historia -  |y Siglo XVIII 
650 |a México -  |x Historia -  |y Epoca Colonial, 1517-1821 
650 |a México -  |x Descripción 
650 |a Historia Moderna -  |y Siglo XVIII 
650 |a Malaspina, Alejandro 
650 |a Bustamante y Guerra, José de 
700 |a Wimer, Javier  |e (introducción) 
700 |a Trabulse, Elías  |e (prólogo) 
700 |a Higueras Rodríguez, María Dolores  |e (investigación) 
910 |a Fondo General 
920 |a Impresos - Libros 
930 |a Libros Antiguos y Raros 
905 |a 108 
901 |a 0500130344  |b IT2  |c LRA  |u 20250526 
902 |a https://opac.biblio.iteso.mx/vufind/Record/000187844